Ricky Martin (Record no. 187975)

MARC details
000 -LÍDER
campo de controle de tamanho fixo 00313 a2200157 4500
001 - NÚMERO DE CONTROLE
campo de controle 187975
020 ## - ISBN - INTERNATIONAL STANDARD BOOK NUMBER
ISBN - International Standard Book Number 0-582-34435-2
040 ## - FONTE DA CATALOGAÇÃO
Instituição que transcreveu o registro Magnum
100 ## - ENTRADA PRINCIPAL--NOME PESSOAL
Nome pessoal Smith, Rod
240 10 - TÍTULO UNIFORME
Título uniforme Ricky Martin
Idioma da obra ING
245 10 - TÍTULO
Título Ricky Martin
300 ## - DESCRIÇÃO FÍSICA
Extensão 16
362 0# - DATAS DE PUBLICAÇÃO E/OU DESIGNAÇÃO SEQUENCIAL
Datas de publicação e/ou designação sequencial 2000
697 ## - ENTRADA DE ASSUNTO LOCAL--ENTIDADE COLETIVA (RLIN)
Nome corporativo ou nome da jurisdição LITERATURA INGLESA
942 ## - ELEMENTOS DE ENTRADA ADICIONADOS (KOHA)
Tipo de material Koha Livros
Holdings
Situação do descarte Situação das perdas Situação física Não pode ser emprestado Biblioteca de origem Biblioteca atual Data de aquisição Total de empréstimos Número de chamada completo Código de barras Data de último acesso Data do preço efetivo Tipo de material Koha
        Magnum Magnum 08/06/2024   890.1.151 MAG00059882 08/06/2024 08/06/2024 Livros
        Magnum Magnum 08/06/2024   890.1.151 MAG00059883 08/06/2024 08/06/2024 Livros
        Magnum Magnum 08/06/2024   890.1.151 MAG00059884 08/06/2024 08/06/2024 Livros
        Magnum Magnum 08/06/2024   890.1.151 MAG00059885 08/06/2024 08/06/2024 Livros
        Magnum Magnum 08/06/2024   890.1.151 MAG00059886 08/06/2024 08/06/2024 Livros
        Magnum Magnum 08/06/2024   890.1.151 MAG00059887 08/06/2024 08/06/2024 Livros